Zhodnotenie transferov v účtovníctve vybraných obcí diplomová práca

Enregistré dans:
Détails bibliographiques
Auteur principal: Opatovská, Lenka
Collectivité auteur: Fakulta hospodárskej informatiky EU. Katedra účtovníctva a audítorstva
Autres auteurs: Kordošová, Alena, 1970-
Format: Livre
Langue:slovaque
Publié: Bratislava 2025
Tags: Ajouter un tag
Pas de tags, Soyez le premier à ajouter un tag!

MARC

LEADER 00000nbm a2200000 4500
001 0310580
005 20251208124152.8
041 0 |a slo 
044 |a SK 
245 1 0 |a Zhodnotenie transferov v účtovníctve vybraných obcí  |b diplomová práca  |c Lenka Opatovská ; školiteľ: Alena Kordošová 
264 1 |a Bratislava  |c 2025 
300 |a 64 s. 
100 1 |a Opatovská, Lenka 
700 1 |a Kordošová, Alena, 1970- 
710 2 |a Fakulta hospodárskej informatiky EU. Katedra účtovníctva a audítorstva